000 00850cam a22002771 4500
999 _c129912
_d129912
001 10292173
003 ARRUPE
005 20191016091552.0
008 720804r1959uuuunyu 001 0 eng
010 _a 59010442
035 _a(OCoLC)373840
040 _aDLC
_cODaWU
_dOCoLC
_dDLC
042 _apremarc
050 0 0 _aBD161
_b.K6 1959
082 _a121
100 1 _aKörner, Stephan,
_d1913-
_948320
245 1 0 _aConceptual thinking,
_ba logical inquiry.
_cStephan Korner
260 _aNew York,
_bDover Publications
_c1959
300 _a301 p.
_c21 cm.
500 _a"An unabridged and corrected republication of the first edition."
650 0 _aKnowledge, Theory of.
_948323
650 0 _aThought and thinking.
_96272
650 0 _aReasoning.
_912415
906 _a7
_bcbc
_coclcrpl
_du
_encip
_f19
_gy-gencatlg
942 _2lcc
_cMONOGRAPH